The Winning Way (Record no. 94355)

MARC details
000 -LEADER
fixed length control field 00564nam a2200205Ia 4500
005 - DATE AND TIME OF LATEST TRANSACTION
control field 20230228123707.0
008 - FIXED-LENGTH DATA ELEMENTS--GENERAL INFORMATION
fixed length control field 230125s9999 xx 000 0 und d
020 ## - INTERNATIONAL STANDARD BOOK NUMBER
International Standard Book Number 9789380658322
041 ## - LANGUAGE CODE
Language code of text/sound track or separate title eng
082 ## - DEWEY DECIMAL CLASSIFICATION NUMBER
Classification number 658
Item number BHO
100 ## - MAIN ENTRY--PERSONAL NAME
Author Bhogle A
245 ## - TITLE STATEMENT
Title The Winning Way
Remainder of title Learnings from sport for Managers
250 ## - EDITION STATEMENT
Edition statement Ed.1st
260 ## - PUBLICATION, DISTRIBUTION, ETC.
Date of publication, distribution, etc. 2011
Name of publisher, distributor, etc. Westland Publications
Place of publication, distribution, etc. Chennai
300 ## - PHYSICAL DESCRIPTION
Extent 196p
500 ## - GENERAL NOTE
Keywords Sports;General Management
650 ## - SUBJECT ADDED ENTRY--TOPICAL TERM
Topical term or geographic name entry element Sports;General Management
700 ## - ADDED ENTRY--PERSONAL NAME
Personal name Bhogle A & Bhogle H
942 ## - ADDED ENTRY ELEMENTS (KOHA)
Koha item type Donated Book
Holdings
Withdrawn status Lost status Damaged status Not for loan Home library Current library Date acquired Vendor Net Price Full call number Barcode Date last seen Actual Price Bill Date Koha item type Original Barcode
        Smt. Hiraben Nanavati Institute of Management & Research for Women Smt. Hiraben Nanavati Institute of Management & Research for Women 15/12/2016 Donated Book- Outside Donar 200.00 658 BHO DB2714 HIMR-DB-2714 25/01/2023 200.00 25/01/2023 Donated Book DB2714